| Tag |
First Indicator |
Second Indicator |
Subfields |
| LEADER |
00000cam a2200000 4500 |
| 001 |
in00000320113 |
| 005 |
20151011050933.0 |
| 008 |
730108s1968 enkad b 00010 eng d |
| 010 |
|
|
|a 68056972
|
| 035 |
|
|
|a (OCoLC)00530847
|
| 035 |
|
|
|9 ABK5260AM
|
| 040 |
|
|
|c WSU
|d OCL
|d TXA
|d UtOrBLW
|
| 041 |
1 |
|
|a eng
|a rus
|
| 049 |
|
|
|a TXAM
|c [918696]
|
| 090 |
|
|
|a QB895
|b .S6213
|
| 100 |
1 |
|
|a Shklovskiĭ, I. S.
|
| 245 |
1 |
0 |
|a Supernovae /
|c [by] I. S. Shklovsky; translated from the original manuscript by Literaturprojekt, Innsbrusk, Austria.
|
| 264 |
|
1 |
|a London,
|a New York [etc.] :
|b Wiley,
|c [1968]
|
| 300 |
|
|
|a vii, 444 pages :
|b illustrations, chart. ;
|c 24 cm.
|
| 336 |
|
|
|a text
|b txt
|2 rdacontent
|
| 337 |
|
|
|a unmediated
|b n
|2 rdamedia
|
| 338 |
|
|
|a volume
|b nc
|2 rdacarrier
|
| 490 |
1 |
|
|a Interscience monographs and texts in physics and astronomy;
|v 21
|
| 500 |
|
|
|a Translation of Sverkhnovye zvezdy. [romanized form]
|
| 504 |
|
|
|a Bibliography: pages 435-444.
|
| 650 |
|
0 |
|a Supernovae.
|
| 830 |
|
0 |
|a Interscience monographs and texts in physics and astronomy ;
|v 21.
|
| 999 |
|
|
|a MARS
|
| 999 |
f |
f |
|s 4a4231ba-d290-3c9b-914d-8d9185c7cc28
|i 5f7bc81a-8734-3ea5-adcb-e69afc5d9aa4
|t 0
|
| 952 |
f |
f |
|p ric
|a Texas A&M University
|b Rellis Campus
|c Joint Library Facility
|d Remote Storage
|t 0
|e QB895 .S6213
|h Library of Congress classification
|i unmediated -- volume
|m A14804585075
|
| 998 |
f |
f |
|a QB895 .S6213
|t 0
|l Remote Storage
|